000 00630nam a2200205 i 4500
001 15674
003 ES-MaACL
005 20230906151127.0
007 t|
008 000504s1998 sp ||||0| spa j
020 _a84-605-8286-8
040 _aM-BN
_bspa
_cM-BN
080 _a74 Hernández Quero, José
100 1 _aHernández Quero, José.
_963030
245 1 0 _aDibujos de mi vida /
_cJosé Hernández Quero.
260 _a[Granada (Camino de Ronda, 93)] :
_bJ. Hernández,
_c[1998]
300 _a112 p. :
_bil. col. y n. ;
_c24 cm.
600 1 4 _aHernández Quero, José.
_963030
852 _aES-MaACL
_jL-23107
_bR.126986
999 _c15674
_d15674